[Event "III Cuadrangular Gloria Palace"]
[Site "Hotel Gloria Palace (Gran Cana"]
[Date "2010.12.10"]
[Round "1"]
[White "Monzon Aleman, Ayoze"]
[Black "Jimenez Mendoza, Jose Miguel"]
[Result "1/2-1/2"]
[WhiteElo "1741"]
[BlackElo "1721"]
[PlyCount "80"]
[EventDate "2010.12.10"]
[EventType "team"]
[EventRounds "3"]
[EventCountry "ESP"]
[WhiteTeam "Maspalomas "]
[BlackTeam "Maspalomas "]

1. e4 e5 2. Nf3 Nc6 3. Nc3 Nf6 4. d3 h6 5. a3 d6 6. Be3 Bg4 7. h3 Be6 8. Qd2
Be7 9. Be2 Qd7 10. O-O-O O-O-O 11. d4 exd4 12. Nxd4 a6 13. f4 Nxd4 14. Bxd4 Qc6
15. Bf3 Qd7 16. Rhe1 Bc4 17. g4 Kb8 18. Qf2 h5 19. e5 Nxg4 20. Qg2 Nh6 21. Bxb7
c5 22. Bc6 Qc7 23. exd6 Bxd6 24. Be5 Bxe5 25. Rxd8+ Rxd8 26. fxe5 Nf5 27. Na4
Bb5 28. Bxb5 axb5 29. Nc3 Nd4 30. Qxg7 b4 31. Ne2 bxa3 32. bxa3 Qa5 33. Qg3
Nxc2 34. Qb3+ Kc8 35. Rf1 Qd2+ 36. Kb1 Qxe2 37. Rc1 Rd3 38. Qxc2 Qxc2+ 39. Rxc2
Rxa3 40. Rxc5+ Kd7 1/2-1/2

[Event "III Cuadrangular Gloria Palace"]
[Site "Hotel Gloria Palace (Gran Cana"]
[Date "2010.12.10"]
[Round "1"]
[White "Gonzalez Perez, Cristina"]
[Black "Perez Hernandez, Juan Manuel"]
[Result "1-0"]
[WhiteElo "1689"]
[BlackElo "1653"]
[PlyCount "76"]
[EventDate "2010.12.10"]
[EventType "team"]
[EventRounds "3"]
[EventCountry "ESP"]
[WhiteTeam "Maspalomas "]
[BlackTeam "Maspalomas "]

1. e4 e5 2. Nf3 Nc6 3. Bb5 a6 4. Bxc6 dxc6 5. O-O Bd6 6. d4 Bg4 7. dxe5 Bxf3 8.
Qxf3 Bxe5 9. Nc3 Nf6 10. Be3 O-O 11. Rad1 Qc8 12. Rfe1 Qg4 13. Qxg4 Nxg4 14.
Bc5 Rfe8 15. h3 Nf6 16. Bd4 h6 17. Bxe5 Rxe5 18. f4 Re7 19. Kf2 Rae8 20. Kf3
Nd5 21. Nxd5 cxd5 22. Rxd5 g6 23. g4 Kg7 24. e5 c6 25. Rd3 g5 26. Rb3 Rd8 27.
Re2 Rd4 28. f5 Red7 29. Rbe3 a5 30. e6 fxe6 31. Rxe6 Rf4+ 32. Kg3 Rf1 33. Re7+
Rxe7 34. Rxe7+ Kf6 35. Re6+ Kg7 36. a3 Rc1 37. h4 gxh4+ 38. Kxh4 a4 1-0

[Event "III Cuadrangular Gloria Palace"]
[Site "Hotel Gloria Palace (Gran Cana"]
[Date "2010.12.10"]
[Round "1"]
[White "Suarez Fleitas, Alberto"]
[Black "Morales Hengmith, Chantal"]
[Result "0-1"]
[WhiteElo "1479"]
[BlackElo "1624"]
[PlyCount "84"]
[EventDate "2010.12.10"]
[EventType "team"]
[EventRounds "3"]
[EventCountry "ESP"]
[WhiteTeam "Maspalomas "]
[BlackTeam "Maspalomas "]

1. e4 e5 2. Nf3 Nc6 3. d4 exd4 4. Nxd4 Bc5 5. Be3 Qf6 6. c3 Nge7 7. Qd2 d6 8.
Nb5 Bxe3 9. Qxe3 O-O 10. Nxc7 Rb8 11. Nb5 a6 12. N5a3 Re8 13. Bd3 Ng6 14. Nd2
d5 15. O-O Bf5 16. f3 Rbd8 17. Rfd1 Bc8 18. Nc2 Nf4 19. Be2 Qg5 20. g3 d4 21.
Qxf4 Qxf4 22. gxf4 d3 23. Bxd3 Rxd3 24. Kf2 Rd6 25. Nb3 Rh6 26. Rh1 f5 27. e5
Ne7 28. Rad1 Kf7 29. Ne3 Ng6 30. Ng2 Nf8 31. Nd4 Rb6 32. Rd2 Rd8 33. Rhd1 Rh6
34. Rh1 Ne6 35. Ke3 Nc7 36. Ke2 Nd5 37. Nb3 Ke7 38. h4 Rg6 39. Kf1 Nb6 40. Rxd8
Kxd8 41. Nd4 Na4 42. Nxf5 Bxf5 0-1

[Event "III Cuadrangular Gloria Palace"]
[Site "Hotel Gloria Palace (Gran Cana"]
[Date "2010.12.10"]
[Round "1"]
[White "Hormiga Amador, Miguel Angel"]
[Black "Gutierrez Olivares, Daniel"]
[Result "0-1"]
[WhiteElo "2114"]
[BlackElo "2182"]
[PlyCount "50"]
[EventDate "2010.12.10"]
[EventType "team"]
[EventRounds "3"]
[EventCountry "ESP"]
[WhiteTeam "La Laguna-Cotelec"]
[BlackTeam "Telde Los Llanos"]

1. c4 e6 2. d4 Nf6 3. Nc3 Bb4 4. Nf3 b6 5. Bg5 Bb7 6. Qc2 c5 7. a3 Bxc3+ 8.
bxc3 h6 9. Bxf6 Qxf6 10. e4 Qg6 11. Nd2 O-O 12. g3 cxd4 13. cxd4 Nc6 14. Qc3 f5
15. Bg2 fxe4 16. Bxe4 Qf6 17. f3 d5 18. cxd5 Nxd4 19. Kf2 exd5 20. Bb1 Rae8 21.
Rf1 Re2+ 22. Kg1 Nxf3+ 23. Rxf3 Qxc3 24. Rxc3 d4 25. Rc7 Re1+ 0-1

[Event "III Cuadrangular Gloria Palace"]
[Site "Hotel Gloria Palace (Gran Cana"]
[Date "2010.12.10"]
[Round "1"]
[White "Cruz Pino, Adrian"]
[Black "Villavicencio Martinez, Carlos"]
[Result "1-0"]
[WhiteElo "1892"]
[BlackElo "2079"]
[PlyCount "81"]
[EventDate "2010.12.10"]
[EventType "team"]
[EventRounds "3"]
[EventCountry "ESP"]
[WhiteTeam "Telde Los Llanos"]
[BlackTeam "La Laguna-Cotelec"]

1. b3 e5 2. Bb2 Nc6 3. d3 Nf6 4. Nf3 Bc5 5. e3 d6 6. Be2 O-O 7. Nbd2 a6 8. a3
Re8 9. O-O Bg4 10. Rc1 Qe7 11. h3 Be6 12. Re1 Rad8 13. c4 Ba7 14. d4 Bc8 15. d5
Nb8 16. e4 Rf8 17. Qc2 Ne8 18. Bd3 g6 19. b4 Ng7 20. c5 Nd7 21. c6 bxc6 22.
Qxc6 Bb6 23. a4 a5 24. bxa5 Bxa5 25. Qb5 Bb6 26. a5 Nc5 27. axb6 Ba6 28. Rxc5
Bxb5 29. Rxb5 cxb6 30. Nc4 Rb8 31. Ba3 Rfd8 32. Nfxe5 Ne8 33. Nc6 Qf6 34. Bb2
Qg5 35. Nxd8 Qxd8 36. Bd4 Ra8 37. Rxb6 Ra2 38. Reb1 Qg5 39. Rb8 Kf8 40. Nxd6
Ke7 41. Nxe8 1-0

[Event "III Cuadrangular Gloria Palace"]
[Site "Hotel Gloria Palace (Gran Cana"]
[Date "2010.12.10"]
[Round "1"]
[White "Henriquez Garcia, David"]
[Black "Robaina Bordon, Hector"]
[Result "0-1"]
[WhiteElo "1990"]
[BlackElo "1733"]
[PlyCount "56"]
[EventDate "2010.12.10"]
[EventType "team"]
[EventRounds "3"]
[EventCountry "ESP"]
[WhiteTeam "La Laguna-Cotelec"]
[BlackTeam "Telde Los Llanos"]

1. d4 d5 2. Nf3 Nf6 3. c4 c6 4. Nc3 dxc4 5. a4 Bf5 6. e3 e6 7. Bxc4 Nbd7 8. O-O
Bd6 9. Re1 Bb4 10. Nd2 O-O 11. e4 Bg6 12. e5 Nd5 13. Nde4 Bxe4 14. Nxe4 Bxe1
15. Qxe1 Qb6 16. Qd1 c5 17. Bb5 Rad8 18. Qe2 cxd4 19. a5 Qc7 20. f4 Nc5 21. Nd6
Rxd6 22. exd6 Qxd6 23. Qc4 Rd8 24. b4 Ne4 25. Qxd4 Ndc3 26. Qxd6 Rxd6 27. Bf1
Rd1 28. Bb2 Ne2+ 0-1

[Event "III Cuadrangular Gloria Palace"]
[Site "Hotel Gloria Palace (Gran Cana"]
[Date "2010.12.10"]
[Round "1"]
[White "Rodriguez Manzaneda, Irene"]
[Black "Garcia De Haro, Jaime"]
[Result "1/2-1/2"]
[WhiteElo "1650"]
[BlackElo "2031"]
[PlyCount "107"]
[EventDate "2010.12.10"]
[EventType "team"]
[EventRounds "3"]
[EventCountry "ESP"]
[WhiteTeam "Telde Los Llanos"]
[BlackTeam "La Laguna-Cotelec"]

1. e4 c6 2. d4 d5 3. Nc3 dxe4 4. Nxe4 Nf6 5. Nxf6+ gxf6 6. Bf4 Na6 7. c3 Nc7 8.
Qc2 Bg4 9. Bd3 Ne6 10. Bg3 Qb6 11. f3 Bh5 12. O-O-O Bg6 13. Ne2 O-O-O 14. Rhe1
Ng7 15. Nf4 Qa5 16. Kb1 Nh5 17. Nxh5 Bxd3 18. Qxd3 Qxh5 19. Qe4 Qg6 20. Ka1
Qxe4 21. fxe4 Rg8 22. Rf1 h5 23. Rf2 Bh6 24. e5 Bg5 25. exf6 Bxf6 26. Re1 Kd7
27. Be5 Bxe5 28. Rxe5 h4 29. Rxf7 Rde8 30. Re2 Rgf8 31. Ref2 Rxf7 32. Rxf7 Rg8
33. Rf2 Rg4 34. Kb1 a5 35. Kc2 b5 36. Kd3 e6 37. Ke3 Kd6 38. b3 Kd5 39. Kd3 Rg5
40. Re2 Rg4 41. Kd2 Rg6 42. Ke1 c5 43. dxc5 Kxc5 44. Kf1 Kd5 45. Rd2+ Ke4 46.
Re2+ Kd3 47. c4 bxc4 48. bxc4 Kxc4 49. Re4+ Kd3 50. Rxh4 e5 51. g3 e4 52. Rh8
Rb6 53. Kf2 Rb2+ 54. Kg1 1/2-1/2

[Event "III Cuadrangular Gloria Palace"]
[Site "Hotel Gloria Palace (Gran Cana"]
[Date "2010.12.11"]
[Round "2"]
[White "Gonzalez Garcia, Guillermo W"]
[Black "Gutierrez Olivares, Daniel"]
[Result "1/2-1/2"]
[WhiteElo "2218"]
[BlackElo "2182"]
[PlyCount "117"]
[EventDate "2010.12.10"]
[EventType "team"]
[EventRounds "3"]
[EventCountry "ESP"]
[WhiteTeam "Maspalomas "]
[BlackTeam "Telde Los Llanos"]

1. Nf3 Nf6 2. c4 e6 3. e3 b6 4. b3 Bb7 5. Be2 Be7 6. O-O O-O 7. Bb2 d6 8. d4
Nbd7 9. Nc3 a6 10. Qc2 c5 11. e4 cxd4 12. Nxd4 Rc8 13. a4 d5 14. exd5 exd5 15.
Nf5 Bb4 16. Rad1 dxc4 17. bxc4 Qc7 18. Qb3 Bc5 19. Nd5 Bxd5 20. cxd5 Qf4 21.
Nd4 Rce8 22. Rd3 Ne4 23. Bc1 Qf6 24. Be3 Bd6 25. Rdd1 Ndc5 26. Qc2 Qe5 27. g3
Qf6 28. Rb1 Rb8 29. Nc6 Rb7 30. Bd4 Qg6 31. Kg2 f5 32. Bxc5 Nxc5 33. a5 b5 34.
Rfe1 Qg5 35. Bf3 f4 36. Qd2 Qg6 37. Rbd1 fxg3 38. fxg3 Rbf7 39. Rf1 h5 40. Qe2
Rf5 41. Rd4 Qf6 42. Rh4 g6 43. Nd4 Re5 44. Qd1 Rg5 45. Ne6 Nxe6 46. dxe6 Bc5
47. Re4 Rf5 48. Qb3 Kh7 49. h4 Bd6 50. Qe3 Bc5 51. Qe2 Be7 52. Qe3 b4 53. Qd3
Rxa5 54. Be2 Rf5 55. Rxf5 Qxf5 56. Qe3 Bc5 57. Qf4 Qd5 58. Qe5 Rf2+ 59. Kh3
1/2-1/2

[Event "III Cuadrangular Gloria Palace"]
[Site "Hotel Gloria Palace (Gran Cana"]
[Date "2010.12.11"]
[Round "2"]
[White "Viera Falcon, Cristo"]
[Black "Marrero Cardenes, Agustin"]
[Result "1/2-1/2"]
[WhiteElo "1790"]
[BlackElo "1806"]
[PlyCount "83"]
[EventDate "2010.12.10"]
[EventType "team"]
[EventRounds "3"]
[EventCountry "ESP"]
[WhiteTeam "Telde Los Llanos"]
[BlackTeam "Maspalomas "]

1. d4 Nf6 2. c4 g6 3. Nc3 Bg7 4. e4 d6 5. f3 O-O 6. Be3 Nc6 7. Qd2 e5 8. d5 Ne7
9. h4 h5 10. O-O-O Kh7 11. Nh3 Nfg8 12. g4 f6 13. Be2 Nh6 14. Rdg1 Neg8 15. Bd1
Qe7 16. Qg2 Kh8 17. Nf2 f5 18. exf5 gxf5 19. gxh5 Bd7 20. Nh3 f4 21. Bd2 Bxh3
22. Qxh3 Nf5 23. Ne4 c6 24. Rg5 cxd5 25. Rxf5 dxe4 26. fxe4 Nh6 27. Rg5 Rac8
28. Rhg1 Rg8 29. Rg6 Rcf8 30. Bb3 Rf6 31. Kb1 Rxg6 32. Rxg6 Rf8 33. Re6 Qf7 34.
c5 Qxh5 35. cxd6 Qe2 36. Bc3 f3 37. Rxh6+ Bxh6 38. Bxe5+ Kh7 39. Qd7+ Kg6 40.
Qg4+ Kh7 41. Qd7+ Kg6 42. Qg4+ 1/2-1/2

[Event "III Cuadrangular Gloria Palace"]
[Site "Hotel Gloria Palace (Gran Cana"]
[Date "2010.12.11"]
[Round "2"]
[White "Jimenez Mendoza, Jose Miguel"]
[Black "Robaina Bordon, Hector"]
[Result "0-1"]
[WhiteElo "1721"]
[BlackElo "1733"]
[PlyCount "48"]
[EventDate "2010.12.10"]
[EventType "team"]
[EventRounds "3"]
[EventCountry "ESP"]
[WhiteTeam "Maspalomas "]
[BlackTeam "Telde Los Llanos"]

1. e4 c6 2. d4 d5 3. Nc3 dxe4 4. Nxe4 Bf5 5. Ng3 Bg6 6. Bd3 Qxd4 7. Nf3 Qd8 8.
Ne5 Qa5+ 9. Kf1 Qxe5 10. Qg4 Bxd3+ 11. cxd3 e6 12. Bf4 Qd5 13. Nh5 g6 14. Ng3
Nf6 15. Qe2 Bg7 16. h4 h5 17. Ne4 Nxe4 18. dxe4 Qb5 19. Bd6 Qxe2+ 20. Kxe2 Nd7
21. f4 O-O-O 22. Rab1 Nf6 23. e5 Ne4 24. Rhd1 Nxd6 0-1

[Event "III Cuadrangular Gloria Palace"]
[Site "Hotel Gloria Palace (Gran Cana"]
[Date "2010.12.11"]
[Round "2"]
[White "Cruz Pino, Adrian"]
[Black "Gonzalez Perez, Cristina"]
[Result "1-0"]
[WhiteElo "1892"]
[BlackElo "1689"]
[PlyCount "79"]
[EventDate "2010.12.10"]
[EventType "team"]
[EventRounds "3"]
[EventCountry "ESP"]
[WhiteTeam "Telde Los Llanos"]
[BlackTeam "Maspalomas "]

1. e4 d6 2. d4 Nf6 3. Bd3 g6 4. c4 Bg7 5. Nc3 e5 6. d5 O-O 7. Nge2 Nh5 8. O-O
Na6 9. Be3 Bd7 10. a3 Qc8 11. b4 f5 12. f3 f4 13. Bf2 Kh8 14. c5 Rg8 15. Rc1
Qd8 16. c6 Bc8 17. Qa4 Nb8 18. b5 g5 19. Kh1 Qe7 20. Na2 Nf6 21. cxb7 Bxb7 22.
Nb4 g4 23. Nc6 Nxc6 24. bxc6 Bc8 25. Ba6 gxf3 26. gxf3 Bh3 27. Rg1 Qf7 28. Nc3
Qh5 29. Be2 a6 30. Nb1 h6 31. Nd2 Nh7 32. Qa5 Qf7 33. Rb1 Bc8 34. Rgc1 Ng5 35.
Rb7 Bxb7 36. cxb7 Raf8 37. Qxc7 Qg6 38. Bf1 Rf7 39. b8=Q Rxc7 40. Qxc7 1-0

[Event "III Cuadrangular Gloria Palace"]
[Site "Hotel Gloria Palace (Gran Cana"]
[Date "2010.12.11"]
[Round "2"]
[White "Monzon Aleman, Ayoze"]
[Black "Henriquez Garcia, David"]
[Result "0-1"]
[WhiteElo "1741"]
[BlackElo "1990"]
[PlyCount "64"]
[EventDate "2010.12.10"]
[EventType "team"]
[EventRounds "3"]
[EventCountry "ESP"]
[WhiteTeam "Maspalomas "]
[BlackTeam "La Laguna-Cotelec"]

1. e4 c5 2. Nf3 Nc6 3. Nc3 d6 4. d4 cxd4 5. Nxd4 Nf6 6. Be3 e6 7. Be2 Be7 8.
Qd2 O-O 9. g4 a6 10. g5 Nd7 11. f4 Nxd4 12. Bxd4 b5 13. Bd3 b4 14. Na4 e5 15.
Be3 exf4 16. Bxf4 Qa5 17. b3 Ne5 18. Rf1 Bg4 19. Qe3 Nxd3+ 20. cxd3 Rac8 21.
Rf2 Rc6 22. Nb2 d5 23. e5 Rfc8 24. Na4 Qb5 25. Kf1 Rc2 26. Kg1 Rxf2 27. Kxf2
Rc2+ 28. Kg3 Bh5 29. e6 Re2 30. exf7+ Kxf7 31. Qd4 Qd7 32. Be5 Rxe5 {Rinden}
0-1

[Event "III Cuadrangular Gloria Palace"]
[Site "Hotel Gloria Palace (Gran Cana"]
[Date "2010.12.11"]
[Round "2"]
[White "Espinola Martin, Maria Del C"]
[Black "Perez Hernandez, Juan Manuel"]
[Result "1-0"]
[WhiteElo "2045"]
[BlackElo "1653"]
[PlyCount "73"]
[EventDate "2010.12.10"]
[EventType "team"]
[EventRounds "3"]
[EventCountry "ESP"]
[WhiteTeam "La Laguna-Cotelec"]
[BlackTeam "Maspalomas "]

1. e4 e5 2. Nf3 Nc6 3. Bb5 d6 4. O-O Nf6 5. Re1 Be7 6. c3 O-O 7. h3 a6 8. Ba4
Be6 9. d4 exd4 10. cxd4 Bd7 11. Nc3 b5 12. Bc2 h6 13. e5 dxe5 14. dxe5 Nh7 15.
Qd3 g6 16. Bxh6 Re8 17. Bb3 Bf5 18. Qe3 Bf6 19. Qc5 Nxe5 20. Nxe5 Bxe5 21. Rxe5
Qh4 22. Qxc7 Be6 23. Bxe6 Re7 24. Qc6 Rae8 25. Nd5 Qxh6 26. Nxe7+ Rxe7 27. Qd6
Rxe6 28. Rxe6 fxe6 29. Qxe6+ Kg7 30. Rd1 Nf8 31. Qxa6 Qh5 32. Qb7+ Kh8 33. Qd5
Qe2 34. Qd2 Qe8 35. Re1 Qf7 36. Qb4 Kg7 37. Re7 1-0

[Event "III Cuadrangular Gloria Palace"]
[Site "Hotel Gloria Palace (Gran Cana"]
[Date "2010.12.11"]
[Round "2"]
[White "Suarez Fleitas, Alberto"]
[Black "Alonso Contreras, Mario Elias"]
[Result "0-1"]
[WhiteElo "1479"]
[BlackElo "1977"]
[PlyCount "32"]
[EventDate "2010.12.10"]
[EventType "team"]
[EventRounds "3"]
[EventCountry "ESP"]
[WhiteTeam "Maspalomas "]
[BlackTeam "La Laguna-Cotelec"]

1. e4 c5 2. Nf3 Nc6 3. d4 cxd4 4. Nxd4 Nf6 5. Nc3 e5 6. Nf3 Bb4 7. Bd2 Bxc3 8.
Bxc3 Nxe4 9. Bxe5 Nxe5 10. Qe2 Qa5+ 11. Kd1 Qd5+ 12. Ke1 O-O 13. Rd1 Qa5+ 14.
c3 Nxf3+ 15. Qxf3 Nf6 16. Bc4 d5 0-1

[Event "III Cuadrangular Gloria Palace"]
[Site "Hotel Gloria Palace (Gran Cana"]
[Date "2010.12.12"]
[Round "3"]
[White "Henriquez Garcia, David"]
[Black "Morales Hengmith, Chantal"]
[Result "1-0"]
[WhiteElo "1990"]
[BlackElo "1624"]
[PlyCount "95"]
[EventDate "2010.12.10"]
[EventType "team"]
[EventRounds "3"]
[EventCountry "ESP"]
[WhiteTeam "La Laguna-Cotelec"]
[BlackTeam "Maspalomas "]

1. e4 d6 2. d4 Nf6 3. Nc3 g6 4. Be2 Bg7 5. h4 h5 6. f3 Nbd7 7. Be3 O-O 8. g4 e5
9. g5 Nh7 10. Qd2 Qe7 11. O-O-O exd4 12. Bxd4 Bxd4 13. Qxd4 Qe5 14. Qxe5 dxe5
15. Nd5 Nb6 16. Nxc7 Rb8 17. Nh3 Bxh3 18. Rxh3 Rfc8 19. Nd5 Nxd5 20. Rxd5 Re8
21. Bc4 Nf8 22. Rd6 Rbd8 23. Rxd8 Rxd8 24. Bd5 b6 25. Rh2 Re8 26. Rd2 Ne6 27.
Bxe6 Rxe6 28. Rd7 a5 29. Kd2 Kf8 30. Ke3 Ke8 31. Rd5 Ke7 32. f4 exf4+ 33. Kxf4
f6 34. c4 fxg5+ 35. Rxg5 Kd6 36. Rd5+ Ke7 37. e5 Rc6 38. b3 Ke6 39. Kg5 Kf7 40.
Rd7+ Kf8 41. Rd6 Rxd6 42. exd6 Kf7 43. d7 Ke7 44. d8=Q+ Kxd8 45. Kxg6 Ke7 46.
Kxh5 Kf7 47. Kg5 Kg7 48. a3 1-0

[Event "III Cuadrangular Gloria Palace"]
[Site "Hotel Gloria Palace (Gran Cana"]
[Date "2010.12.12"]
[Round "3"]
[White "Marrero Cardenes, Agustin"]
[Black "Villavicencio Martinez, Carlos"]
[Result "0-1"]
[WhiteElo "1806"]
[BlackElo "2079"]
[PlyCount "103"]
[EventDate "2010.12.10"]
[EventType "team"]
[EventRounds "3"]
[EventCountry "ESP"]
[WhiteTeam "Maspalomas "]
[BlackTeam "La Laguna-Cotelec"]

1. e4 c5 2. Nf3 e6 3. d4 cxd4 4. Nxd4 a6 5. Nc3 Qc7 6. Be2 b5 7. Be3 Bb7 8. f3
Nf6 9. O-O Be7 10. a3 O-O 11. Kh1 d6 12. Bd3 Nbd7 13. Qd2 Rac8 14. Rae1 Ne5 15.
f4 Nc4 16. Bxc4 Qxc4 17. Qd3 b4 18. axb4 Qxb4 19. Bc1 Rc4 20. Na2 Qc5 21. c3
Ra4 22. Nb4 Rc8 23. Bd2 Qb6 24. b3 Ra3 25. Nbc2 Ra2 26. e5 Nd7 27. b4 Bh4 28.
Re3 Bd5 29. Rc1 dxe5 30. fxe5 Qb7 31. Kg1 Bxg2 32. Ne1 Bd5 33. Nef3 Be7 34. c4
Bxf3 35. Nxf3 Nc5 36. Qb1 Ra4 37. bxc5 Qxb1 38. Rxb1 Bxc5 39. Rb7 Rxc4 40. Kf1
Bxe3 41. Bxe3 h6 42. Ra7 Rc2 43. Nd2 Ra2 44. Ke2 Rd8 45. Ke1 g5 46. Ne4 Rd3 47.
Bd2 Rd4 48. Nf6+ Kg7 49. Bc3 Rc4 50. Ra8 Kg6 51. Bd2 Rd4 52. Ne4 0-1

[Event "III Cuadrangular Gloria Palace"]
[Site "Hotel Gloria Palace (Gran Cana"]
[Date "2010.12.12"]
[Round "3"]
[White "Espinola Martin, Maria Del C"]
[Black "Gonzalez Perez, Cristina"]
[Result "1-0"]
[WhiteElo "2045"]
[BlackElo "1689"]
[PlyCount "103"]
[EventDate "2010.12.10"]
[EventType "team"]
[EventRounds "3"]
[EventCountry "ESP"]
[WhiteTeam "La Laguna-Cotelec"]
[BlackTeam "Maspalomas "]

1. e4 d6 2. d4 Nf6 3. Nc3 g6 4. g3 Bg7 5. Bg2 O-O 6. Nge2 Nbd7 7. O-O e5 8. f4
Qe7 9. Kh1 c6 10. a4 a5 11. Be3 Ng4 12. Bg1 Rd8 13. f5 exd4 14. Nxd4 Nde5 15.
h3 Nf6 16. g4 d5 17. exd5 Qb4 18. Qe1 Re8 19. Qc1 Bd7 20. Nb3 Rad8 21. Re1 Qd6
22. Bc5 Qb8 23. g5 Nh5 24. f6 Bf8 25. Bb6 Rc8 26. Nc5 Bxc5 27. Bxc5 b6 28. Bf2
Qc7 29. Qd1 Nc4 30. Qd4 Nd6 31. Qxb6 Ng3+ 32. Kg1 Ngf5 33. dxc6 Rxe1+ 34. Rxe1
Bxc6 35. Qxc7 Rxc7 36. Bb6 Rb7 37. Bxc6 Rxb6 38. Bb5 h6 39. Nd5 Rb8 40. Ne7+
Kh7 41. c4 hxg5 42. Nxf5 gxf5 43. Rd1 Ne4 44. Rd5 Kg6 45. c5 Kxf6 46. c6 Ke6
47. Rd7 Nc5 48. Bc4+ Ke5 49. Rd5+ Ke4 50. Rxc5 Rxb2 51. c7 Rb1+ 52. Bf1 1-0

[Event "III Cuadrangular Gloria Palace"]
[Site "Hotel Gloria Palace (Gran Cana"]
[Date "2010.12.12"]
[Round "3"]
[White "Viera Falcon, Cristo"]
[Black "Suarez Fleitas, Alberto"]
[Result "1-0"]
[WhiteElo "1790"]
[BlackElo "1479"]
[PlyCount "57"]
[EventDate "2010.12.10"]
[EventType "team"]
[EventRounds "3"]
[EventCountry "ESP"]
[WhiteTeam "Telde Los Llanos"]
[BlackTeam "Maspalomas "]

1. d4 e6 2. c4 d5 3. Nc3 Nf6 4. Bg5 Be7 5. e3 Nbd7 6. Nf3 b6 7. Be2 Bb7 8. O-O
O-O 9. a3 a5 10. Rc1 Rc8 11. Nd2 h6 12. Bf4 Bd6 13. Bf3 Bxf4 14. exf4 Rb8 15.
Qa4 dxc4 16. Bxb7 Rxb7 17. Qc6 Rb8 18. Nxc4 Qc8 19. Nb5 Rb7 20. Ncd6 cxd6 21.
Qxc8 Rxc8 22. Rxc8+ Kh7 23. Nxd6 Rb8 24. Rxb8 Nxb8 25. Nxf7 Kg6 26. Ne5+ Kh7
27. Rc1 Nbd7 28. Rc6 Nxe5 29. fxe5 {Rinde} 1-0

[Event "III Cuadrangular Gloria Palace"]
[Site "Hotel Gloria Palace (Gran Cana"]
[Date "2010.12.12"]
[Round "3"]
[White "Perez Hernandez, Juan Manuel"]
[Black "Robaina Bordon, Hector"]
[Result "1/2-1/2"]
[WhiteElo "1653"]
[BlackElo "1733"]
[PlyCount "61"]
[EventDate "2010.12.10"]
[EventType "team"]
[EventRounds "3"]
[EventCountry "ESP"]
[WhiteTeam "Maspalomas "]
[BlackTeam "Telde Los Llanos"]

1. e4 c6 2. Nf3 d5 3. Bd3 dxe4 4. Bxe4 Nf6 5. Nc3 Bg4 6. h3 Bh5 7. O-O e6 8. d3
Qc7 9. Qe1 Nbd7 10. Nh2 Bd6 11. g3 Bg6 12. Bg2 O-O 13. Ne4 Nxe4 14. Bxe4 f5 15.
Bg2 Rae8 16. Nf3 e5 17. Qc3 Be7 18. Ng5 Bf6 19. Qc4+ Kh8 20. Ne6 Rxe6 21. Qxe6
Nc5 22. Qc4 b6 23. b4 Bf7 24. Qc3 e4 25. d4 Ne6 26. Be3 g5 27. Rad1 Rd8 28. f4
exf3 29. Bxf3 Qxg3+ 30. Bg2 f4 31. Rf3 1/2-1/2